Gerencia estratǧica corporativa

Detalles Bibliográficos
Autor principal: Přez Uribe, Rafael Ignacio
Formato: eBook
Lenguaje:español
Publicado: Bogot:̀ ECOE, 2018
Materias:
Acceso en línea:Acceso restringido

MARC

LEADER 00000nam a22000007a 4500
005 20190909213124.0
007 cr|||| ||||
008 190909s2018 co |||||s|||| 00||0 spa d
020 |a 978-958-771-630-6 
035 |a 24823 
040 |a vLex 
090 |c 9429  |d 9429 
100 1 |a Přez Uribe, Rafael Ignacio 
245 1 0 |a Gerencia estratǧica corporativa  |h [Recurso electrn̤ico] /  |c Rafael Ignacio Přez Uribe 
256 |a Servicio en ln̕ea 
260 |a Bogot:̀  |b ECOE,  |c 2018 
300 |a 1 recurso electrn̤ico 
506 1 |a Disponible solo en los productos indicados  |d vLex Global  |d vLex Global (Academic Edition, excluding Law Schools)  |d vLex Global (U.S. Academic Edition, Law Schools)  |d vLex Global (U.S. Academic Edition, excluding Law Schools)  |d vLex Global (Academic Edition, Law Schools) 
650 0 4 |a Derecho Mercantil y de la Empresa  |z Colombia 
740 0 |a vLex Libros (Servicio en ln̕ea) 
856 4 0 |u http://vlex.com/source/gerencia-estrategica-corporativa-24823  |z Acceso restringido 
942 |c BOOK 
999 0 |a Commercial and Business Law